| 000 | 00877cam a2200217 i 4500 | ||
|---|---|---|---|
| 005 | 20251210092227.0 | ||
| 008 | 250721s1984 le gr 000 0 ara d | ||
| 082 | 1 | 4 |
_a216,3 _bز ر ق |
| 100 | 1 |
_aالزرقاء، مصطفى أحمد _eمؤلف. |
|
| 245 | 1 | 0 |
_aنظام التأمين : _bحقيقته و الرأي الشرعي فيه / _cمصطفي احمد الزرقاء. |
| 250 | _aالطبعه الاولى. | ||
| 264 | 3 | 1 |
_aبيروت : _bمؤسسة الرسالة، _c1984. |
| 300 | _a196صفحه. | ||
| 500 | _aدراسة لجوانب التأمين القانونية... مناقشة مستفيضة للاراء الفقهية المعاصرة حوله... | ||
| 650 | 1 | 7 | _aالإسلام. |
| 650 | 1 | 7 | _aالفقه. |
| 650 | 1 | 7 | _aالمعاملات (فقه إسلامي). |
| 650 | 1 | 7 | _aالتأمين. |
| 942 |
_2ddc _cBK |
||
| 999 |
_c1076 _d1076 |
||